| 000 | 01028cam a22002654a 4500 | ||
|---|---|---|---|
| 001 | 12141088 | ||
| 005 | 20251121121103.0 | ||
| 008 | 000814s2001 nyua 001 0 eng | ||
| 020 |
_a0471331724 _qcloth : alk. paper |
||
| 020 |
_a9780471331728 _q(cloth : alk. paper) |
||
| 050 | 0 | 0 |
_aTH441 _b.H295 2001 |
| 082 | 0 | 0 |
_a690/.24 _221 |
| 100 | 1 | _aHarris, Samuel Y. | |
| 245 | 1 | 0 |
_aBuilding pathology : _bdeterioration, diagnostics, and intervention / _cby Samuel Y. Harris. |
| 260 |
_aNew York : _bWiley, _cc2001. |
||
| 300 |
_axviii, 654 p. : _bill. ; _c26 cm. |
||
| 500 | _aIncludes index. | ||
| 650 | 0 |
_aBuildings _xDefects. |
|
| 650 | 0 | _aBuilding failures. | |
| 650 | 0 |
_aBuildings _xRepair and reconstruction. |
|
| 856 | 4 | 2 |
_3Contributor biographical information _uhttp://www.loc.gov/catdir/bios/wiley042/00063340.html |
| 856 | 4 | 2 |
_3Publisher description _uhttp://www.loc.gov/catdir/description/wiley034/00063340.html |
| 856 | 4 |
_3Table of Contents _uhttp://www.loc.gov/catdir/toc/onix05/00063340.html |
|
| 942 |
_2lcc _cBK _n0 |
||
| 999 |
_c8298 _d8298 |
||